Shapes of Countries that Border China - Statistics

General Stats
  • This quiz has been taken 67 times
  • The average score is 13 of 14
Answer Stats
Picture Answer % Correct
India
100%
Vietnam
98%
Nepal
97%
Russia
95%
Mongolia
94%
Myanmar
94%
Laos
92%
Pakistan
90%
Kazakhstan
87%
North Korea
87%
Afghanistan
85%
Kyrgyzstan
85%
Bhutan
84%
Tajikistan
82%
No matching quizzes found
Score Distribution
Percent of People with Each Score
Percentile by Number Answered
Your Score History
You have not taken this quiz